| 000 | 01281cgm a2200277 4500 | ||
|---|---|---|---|
| 001 | 3851 | ||
| 005 | 20181127172117.0 | ||
| 007 | vd cgaiz| | ||
| 008 | 911223r19861963xxu119 mleng | ||
| 010 | _a 91483111 | ||
| 043 | _an-us-ca | ||
| 245 | 0 | 4 |
_aThe birds / _cAlfred J. Hitchcock Productions, Inc. ; directed and produced by Alfred Hitchcock ; screenplay by Evan Hunter. |
| 260 |
_aLos Angeles, CA : _bMCA Home Video, _c[1986]. |
||
| 300 |
_a1 videodisc (119 min.) : _bsd., col. ; _c4 3/4 in. |
||
| 500 | _aFrom the story by Daphne Du Maurier. | ||
| 511 | 1 | _aRod Taylor, Tippi Hedren, Jessica Tandy, Suzanne Pleshette. | |
| 520 | _aIn this allegorical doomsday thriller, a rich San Francisco socialite's romance with a brash young lawyer is shattered when swarms of demon-like birds wreak havoc on the inhabitants of the sleepy seaside town of Bodega Bay, California. | ||
| 650 | 0 |
_aAnimal attacks _zCalifornia _zBodega Bay _vDrama. |
|
| 700 | 1 |
_aHedren, Tippi, _ecast. |
|
| 700 | 1 |
_aHitchcock, Alfred, _d1899-1980, _edirection, _eproduction. |
|
| 700 | 1 |
_aHunter, Evan, _d1926-2005, _ewriting. |
|
| 700 | 1 |
_aPleshette, Suzanne, _d1937-2008, _ecast. |
|
| 700 | 1 |
_aTandy, Jessica, _ecast. |
|
| 700 | 1 |
_aTaylor, Rod, _d1930- _ecast. |
|
| 710 | 2 | _aAlfred J. Hitchcock Productions. | |
| 999 |
_c3149 _d3149 |
||